Diccionario castellano (Record no. 166176)
[ view plain ]
| 000 -LEADER | |
|---|---|
| campo de control de longitud fija | 01195nam a2200265 i 4500 |
| 001 - NÚMERO DE CONTROL | |
| campo de control | 166176 |
| 003 - IDENTIFICADOR DE NÚMERO DE CONTROL | |
| campo de control | ES-MaACL |
| 005 - FECHA Y HORA DE LA ÚLTIMA TRANSACCIÓN | |
| campo de control | 20251002162150.0 |
| 008 - DATOS DE LONGITUD FIJA--INFORMACIÓN GENERAL | |
| campo de control de longitud fija | 931025s1786 sp |||| | spa d |
| 040 ## - FUENTE DE CATALOGACIÓN | |
| Centro catalogador/agencia de origen | CYL |
| Lengua de catalogación | spa |
| Centro/agencia transcriptor | PAB |
| 100 1# - ENTRADA PRINCIPAL--NOMBRE DE PERSONA | |
| Nombre de persona | Terreros y Pando, Esteban de, |
| Fechas asociadas al nombre | 1707-1782 |
| 9 (RLIN) | 109787 |
| 245 10 - MENCIÓN DEL TÍTULO | |
| Título | Diccionario castellano |
| Resto del título | : con las voces de ciencias y artes y sus correspondientes en las tres lenguas francesa, latina e italiana / |
| Mención de responsabilidad, etc. | su autor el P. Esteban de Terreros y Pando ; tomo primero. |
| 260 ## - PUBLICACIÓN, DISTRIBUCIÓN, ETC. | |
| Lugar de publicación, distribución, etc. | Madrid : |
| Nombre del editor, distribuidor, etc. | en la imprenta de la viuda de Ibarra, hijos y compañia, |
| Fecha de publicación, distribución, etc. | 1786. |
| 300 ## - DESCRIPCIÓN FÍSICA | |
| Extensión | [6], XXXIV, 710 p. ; |
| Dimensiones | Fol. |
| 596 #1 - NOTA AL PIE DE IMPRENTA | |
| NOTA AL PIE DE IMPRENTA | Marca tip. en port. |
| 597 #1 - NOTA DE DESCRIPCIÓN FÍSICA | |
| NOTA DE DESCRIPCIÓN FÍSICA | Sign.: [ ]\p1\s, *\p2\s, a-d\p4\s, e\p1\s, A-Z\p4\s, 2A-2Z\p4\s, 3A-3Z\p4\s, 4A-4T\p4\s, 4V\p2\s, 4X\p1\s. |
| 597 ## - NOTA DE DESCRIPCIÓN FÍSICA | |
| NOTA DE DESCRIPCIÓN FÍSICA | Texto a dos col. |
| 630 04 - PUNTO DE ACCESO ADICIONAL DE MATERIA--TÍTULO UNIFORME | |
| Título uniforme | Diccionarios y Enciclopedias. |
| 9 (RLIN) | 222524 |
| 700 11 - ENTRADA AGREGADA--NOMBRE PERSONAL | |
| Nombre de persona | Terreros y Pando, Esteban de, |
| Fechas asociadas al nombre | 1707-1782 |
| 9 (RLIN) | 109787 |
| 700 #1 - ENTRADA AGREGADA--NOMBRE PERSONAL | |
| Nombre de persona | |
| Término indicativo de función/relación | |
| 9 (RLIN) | 242302 |
| 752 ## - ENTRADA AGREGADA--NOMBRE JERÁRQUICO DEL LUGAR | |
| País o entidad superior | España - |
| Ciudad | , Madrid |
| 852 ## - LOCALIZACIÓN | |
| Ubicación | ES-MaACL |
| Número de control de estantería | R-89-92 |
| Nota libre | -- Enc. pasta española con hierros dorados, no original de la época Olim: B-287-90 |
| Estatus retirado | Estado de pérdida | Estado de daño | No para préstamo | Colección | Biblioteca de origen | Biblioteca actual | Ubicación en estantería | Fecha de adquisición | Fuente de adquisición | Total de préstamos | Signatura topográfica completa | Código de barras | Visto por última vez | Precio de reemplazo | Tipo de ítem Koha |
|---|---|---|---|---|---|---|---|---|---|---|---|---|---|---|---|
| Colección de referencia | Biblioteca del Ateneo de Madrid | Biblioteca del Ateneo de Madrid | Depósito | 17/01/2008 | R-89 | 1174275 | 23/02/2023 | 23/02/2023 | Libro impreso antiguo |
